| 000 | 00707nam a22001937a 4500 | ||
|---|---|---|---|
| 999 |
_c22591 _d22591 |
||
| 003 | AR-CdUCM | ||
| 008 | 190425b ||||| |||| 00| 0 spa d | ||
| 020 | _a9786124831645 | ||
| 040 |
_aMUNICIPALIDAD PROVINCIAL DEL CUSCO _cBIBLIOTECA MUNICIPAL DEL CUSCO |
||
| 082 |
_aPI/869.57/M397J _bM397J |
||
| 100 |
_aMejía Quiroga, Ana _948592 |
||
| 245 |
_aEl juguete que faltaba / _cAna Delia Mejía ; ilustraciones de Karem Huamán |
||
| 260 |
_aLima : _bColmena Infantil, _c2020. |
||
| 300 |
_a27 páginas, 1 página sin numerar : _bilustraciones en color ; _c29 cm |
||
| 650 |
_aPoesías infantiles peruanas _95425 |
||
| 700 |
_aHuamán Granda, Karem _eilustrador _948593 |
||
| 942 |
_2ddc _cLIBROS |
||
| 945 | _arac | ||